000
00307nam a2200121Ia 4500
008
190216s9999||||xx |||||||||||||| ||und||
100
_a
Sharma R K&Amp; Gupta
245
0
_a
Management Accounting Principles And Practise
260
_b
Kalyani Pub
_c
1996
300
_a
36.12p
650
_a
Commerce
942
_c
BK
999
_c
4872
_d
4872